Stenografická správa o 26. schôdzi Národnej rady Slovenskej republiky konanej dňa 26., 27., 28. januára, 2., 3., 4., 16., 17., 18. februára 1994 Tretí deň rokovania 26. schôdze Národnej rady Slovenskej republiky 28. januára 1994. 10. volebné obdobie

Gespeichert in:
Bibliographische Detailangaben
Format: Buch
Sprache:Slowakisch
Veröffentlicht: Bratislava Národná rada SR 1994
Ausgabe:1. vyd.
Schlagworte:
Tags: Tag hinzufügen
Keine Tags, Fügen Sie das erste Tag hinzu!

MARC

LEADER 00000nam a2200000 4500
001 c009515
005 20221214075428.8
041 0 |a slo 
044 |a SK 
245 1 0 |a Stenografická správa o 26. schôdzi Národnej rady Slovenskej republiky konanej dňa 26., 27., 28. januára, 2., 3., 4., 16., 17., 18. februára 1994  |b Tretí deň rokovania 26. schôdze Národnej rady Slovenskej republiky 28. januára 1994. 10. volebné obdobie 
250 |a 1. vyd. 
264 1 |a Bratislava  |b Národná rada SR  |c 1994 
300 |a S.295-572 
610 2 0 |a parlamenty 
610 2 0 |a Slovensko 
610 2 0 |a NR SR Bratislava 
610 2 0 |a schôdze